Programme on climate change mitigation and adaptation in COMESA-EA-EAC-SADC Region (Record no. 77259)

MARC details
000 -LEADER
fixed length control field 01154nam a2200205 a 4500
008 - FIXED-LENGTH DATA ELEMENTS--GENERAL INFORMATION
fixed length control field 150722s2013 xx |||||||||||||| || u
050 ## - LIBRARY OF CONGRESS CALL NUMBER
Classification number COMESA(02)2013/2
110 ## - MAIN ENTRY--CORPORATE NAME
Corporate name or jurisdiction name as entry element COMESA
245 10 - TITLE STATEMENT
Title Programme on climate change mitigation and adaptation in COMESA-EA-EAC-SADC Region
Statement of responsibility, etc. Common Market for Eastern and Southern Africa(COMESA)
260 ## - PUBLICATION, DISTRIBUTION, ETC.
Place of publication, distribution, etc.
Name of publisher, distributor, etc. COMESA
Date of publication, distribution, etc. 2013
300 ## - PHYSICAL DESCRIPTION
Extent 45p.:ill.
650 ## - SUBJECT ADDED ENTRY--TOPICAL TERM
Topical term or geographic name entry element CLIMATE CHANGES--COMESA REGION
650 ## - SUBJECT ADDED ENTRY--TOPICAL TERM
Topical term or geographic name entry element FOREST CONSERVATION--AFRICA
650 #0 - SUBJECT ADDED ENTRY--TOPICAL TERM
Topical term or geographic name entry element CLIMATE CHANGES
650 ## - SUBJECT ADDED ENTRY--TOPICAL TERM
Topical term or geographic name entry element ENVIROMENTAL PROTECTION--COST EFFECTIVENESS
995 ## -
-- SPECIAL COLLECTIONS
-- 1871
-- CBU-MAIN LIBRARY (Kitwe)
-- COMESA(02)2013/2A
-- 1
-- AVAILABLE
-- Aug 4, 2015
-- B1871
-- International Publications
995 ## -
-- SPECIAL COLLECTIONS
-- 1873
-- CBU-MAIN LIBRARY (Kitwe)
-- COMESA(02)2013/2C
-- 3
-- AVAILABLE
-- Aug 4, 2015
-- B1873
-- International Publications
995 ## -
-- SPECIAL COLLECTIONS
-- 1875
-- CBU-MAIN LIBRARY (Kitwe)
-- COMESA(02)2013/2D
-- 4
-- AVAILABLE
-- Aug 4, 2015
-- B1875
-- International Publications
995 ## -
-- SPECIAL COLLECTIONS
-- 1872
-- CBU-MAIN LIBRARY (Kitwe)
-- COMESA(02)2013/2B
-- 2
-- AVAILABLE
-- Aug 4, 2015
-- B1872
-- International Publications
999 ## -
-- 77259
-- 77259
Holdings
Withdrawn status Lost status Source of classification or shelving scheme Damaged status Not for loan Permanent Location Current Location Shelving location Date acquired Total Checkouts Full call number Barcode Date last seen Copy number Price effective from Koha item type
          CBU-MAIN LIBRARY, KITWE. CBU-MAIN LIBRARY, KITWE.   04/25/2023   COMESA(02)2013/2A B1871 04/25/2023 1 04/25/2023 SPECIAL COLLECTION
          CBU-MAIN LIBRARY, KITWE. CBU-MAIN LIBRARY, KITWE.   04/25/2023   COMESA(02)2013/2C B1873 04/25/2023 2 04/25/2023 SPECIAL COLLECTION
          CBU-MAIN LIBRARY, KITWE. CBU-MAIN LIBRARY, KITWE.   04/25/2023   COMESA(02)2013/2D B1875 04/25/2023 3 04/25/2023 SPECIAL COLLECTION
          CBU-MAIN LIBRARY, KITWE. CBU-MAIN LIBRARY, KITWE.   04/25/2023   COMESA(02)2013/2B B1872 04/25/2023 4 04/25/2023 SPECIAL COLLECTION